Normal view MARC view

Entry Topical Term

Number of records used in: 2

001 - CONTROL NUMBER

  • control field: 43381

003 - CONTROL NUMBER IDENTIFIER

  • control field:

005 - DATE AND TIME OF LATEST TRANSACTION

  • control field: 20240424153122.0

008 - FIXED-LENGTH DATA ELEMENTS

  • fixed length control field: 240424|| aca||aabn | a|a d

040 ## - CATALOGING SOURCE

  • Original cataloging agency:
  • Transcribing agency:

150 ## - HEADING--TOPICAL TERM

  • Topical term or geographic name entry element: Education
  • Form subdivision: Statistics

670 ## - SOURCE DATA FOUND

  • Source citation: Work cat.: ()21762: Nigeria. Lagos State. Ministry of Education and Community Development 43380, Statistics of education in Lagos State. No.1- 1968, [n.d]

National Library of Nigeria OPAC is powered by Koha